000 00242nam a2200097Ia 4500
001 1029508
005 20250826231430.0
008 250824s9999 xx 000 0 und d
245 0 _aVAZGEÇTİM
_cKAHRAMAN TAZEOĞLU
260 _bDESTEK YAYINLARI
999 _c1029508
_d1029508